McGraw-Hill Education Conquering GRE Verbal Reasoning and Analytical Writing, 2nd Ed. (Record no. 882258)

MARC details
000 -LEADER
fixed length control field 00433nam a2200157Ia 4500
008 - FIXED-LENGTH DATA ELEMENTS--GENERAL INFORMATION
fixed length control field 231011s2021 xx 000 0 und d
020 ## - INTERNATIONAL STANDARD BOOK NUMBER
International Standard Book Number 9789350000000
041 ## - LANGUAGE CODE
Language code of text/sound track or separate title eng
082 ## - DEWEY DECIMAL CLASSIFICATION NUMBER
Classification number 510.76/ZAH
100 ## - MAIN ENTRY--PERSONAL NAME
Personal name Kathy A. Zahler, MS
245 ## - TITLE STATEMENT
Title McGraw-Hill Education Conquering GRE Verbal Reasoning and Analytical Writing, 2nd Ed.
250 ## - EDITION STATEMENT
Edition statement 2nd Ed.
260 ## - PUBLICATION, DISTRIBUTION, ETC.
Place of publication, distribution, etc. Chennai
Name of publisher, distributor, etc. MC GRAW HILL
Date of publication, distribution, etc. 2021
300 ## - PHYSICAL DESCRIPTION
Extent 229
365 ## - TRADE PRICE
Price amount 799

No items available.